Havenlucht; (Record no. 4735)

MARC details
000 -LEADER
fixed length control field 00587cam a22001931 4500
001 - CONTROL NUMBER
control field af 48001823
003 - CONTROL NUMBER IDENTIFIER
control field DLC
005 - DATE AND TIME OF LATEST TRANSACTION
control field 20260227110851.0
008 - FIXED-LENGTH DATA ELEMENTS--GENERAL INFORMATION
fixed length control field 890622s1944 be a 000 0 dut c
010 ## - LIBRARY OF CONGRESS CONTROL NUMBER
LC control number af 48001823
035 ## - SYSTEM CONTROL NUMBER
System control number (OCoLC)19913451
040 ## - CATALOGING SOURCE
Original cataloging agency New York. Public Libr.
Transcribing agency CU
Modifying agency DLC
042 ## - AUTHENTICATION CODE
Authentication code premarc
050 00 - LIBRARY OF CONGRESS CALL NUMBER
Classification number PT6446.S34
Item number H3
100 1# - MAIN ENTRY--PERSONAL NAME
Personal name Schuyter, Jan de,
Dates associated with a name 1889-
245 10 - TITLE STATEMENT
Title Havenlucht;
Remainder of title verhalen van de haven en van de rivier.
Statement of responsibility, etc. Met penteekeningen door René de Coninck.
260 ## - PUBLICATION, DISTRIBUTION, ETC.
Place of publication, distribution, etc. [Kapellen]
Name of publisher, distributor, etc. Boekuil en Karveel,
Date of publication, distribution, etc. 1944.
300 ## - PHYSICAL DESCRIPTION
Extent 122 p.
Other physical details illus.
Dimensions 19 cm.

No items available.

Powered by Koha